Mĩ thuật và phương pháp dạy học mĩ thuật Tài liệu đào tạo giáo viên tiểu học (Trình độ cao đẳng và đại học sư phạm)

Những kiến thức về lí luận và phương pháp giảng dạy môn mĩ thuật ở trung học cơ sở

Αποθηκεύτηκε σε:
Λεπτομέρειες βιβλιογραφικής εγγραφής
Κύριος συγγραφέας: Nguyễn Quốc Toản (chủ biên)
Μορφή: Βιβλίο
Γλώσσα:Vietnamese
Έκδοση: H. Giáo dục 2007
Σειρά:Bộ Giáo dục và Đào tạo. Dự án phát triển giáo viên tiểu học
Θέματα:
Ετικέτες: Προσθήκη ετικέτας
Δεν υπάρχουν, Καταχωρήστε ετικέτα πρώτοι!
Thư viện lưu trữ: Mạng thư viện Đại học Đà Nẵng
LEADER 01510nam a2200349 4500
001 000015270
003 11646
005 20120525090505.0
008 120524s2007 viesd
041 0 |a vie 
082 |a 700.712  |b NG-T 
100 0 |a Nguyễn Quốc Toản  |e chủ biên 
245 0 |a Mĩ thuật và phương pháp dạy học mĩ thuật  |b Tài liệu đào tạo giáo viên tiểu học (Trình độ cao đẳng và đại học sư phạm)  |c B.s.: Nguyễn Quốc Toản (ch.b.), Tuấn Nguyên Bình, Nguyễn Thị Ngọc Bích, Võ Quôc Thạch 
260 |a H.  |b Giáo dục  |c 2007 
300 |a 228 tr  |b tranh vẽ, ảnh  |c 29 cm 
490 |a Bộ Giáo dục và Đào tạo. Dự án phát triển giáo viên tiểu học 
504 |a Thư mục sau mỗi bài 
520 |a Những kiến thức về lí luận và phương pháp giảng dạy môn mĩ thuật ở trung học cơ sở 
653 |a Phương pháp giảng dạy 
653 |a Mĩ thuật 
653 |a Trung học cơ sở 
653 |a Giáo trình 
OWN |a LSP 
AVA |a UDN50  |b LSP  |d 700.712 NG-T  |e check_holdings  |t Error 5003 Not defined in file expand_doc_bib_avail.  |h N  |k 1 
999 |a From the UDN01 
AVA |a UDN50  |b LSP  |d 700.712 NG-T  |e available  |t Error 5001 Not defined in file expand_doc_bib_avail.  |f 100  |g 0  |h N  |i 14  |k 1 
TYP |a Monograph 
TYP |a Printed language 
980 |a Mạng thư viện Đại học Đà Nẵng